Jarhead : (Record no. 137)

000 -LEADER
fixed length control field 01522cam a22003614a 4500
001 - CONTROL NUMBER
control field 12922621
003 - CONTROL NUMBER IDENTIFIER
control field OSt
005 - DATE AND TIME OF LATEST TRANSACTION
control field 20210416063455.0
008 - FIXED-LENGTH DATA ELEMENTS--GENERAL INFORMATION
fixed length control field 020909s2003 nyu 000 0deng
010 ## - LIBRARY OF CONGRESS CONTROL NUMBER
LC control number 2002030866
020 ## - INTERNATIONAL STANDARD BOOK NUMBER
International Standard Book Number 0743235355
040 ## - CATALOGING SOURCE
Original cataloging agency DLC
Transcribing agency DLC
Modifying agency DLC
042 ## - AUTHENTICATION CODE
Authentication code pcc
043 ## - GEOGRAPHIC AREA CODE
Geographic area code ap-----
-- n-us---
050 00 - LIBRARY OF CONGRESS CALL NUMBER
Classification number DS79.74
Item number .S96 2003
080 ## - UNIVERSAL DECIMAL CLASSIFICATION NUMBER
Universal Decimal Classification number 94
Item number S-97
082 00 - DEWEY DECIMAL CLASSIFICATION NUMBER
Classification number 956.7044/245
Edition number 21
100 1# - MAIN ENTRY--PERSONAL NAME
Personal name Swofford, Anthony.
245 10 - TITLE STATEMENT
Title Jarhead :
Remainder of title a Marine's chronicle of the Gulf War and other battles /
Statement of responsibility, etc. Anthony Swofford.
260 ## - PUBLICATION, DISTRIBUTION, ETC.
Place of publication, distribution, etc. New York :
Name of publisher, distributor, etc. Scribner,
Date of publication, distribution, etc. 2003.
300 ## - PHYSICAL DESCRIPTION
Extent 260 p. ;
Dimensions 24 cm.
365 ## - TRADE PRICE
Price amount 24 usd
600 10 - SUBJECT ADDED ENTRY--PERSONAL NAME
Personal name Swofford, Anthony.
610 10 - SUBJECT ADDED ENTRY--CORPORATE NAME
Corporate name or jurisdiction name as entry element United States.
Subordinate unit Marine Corps.
-- Marine Regiment, 7th.
-- Battalion, 2nd.
-- Surveillance and Target Acquisition Platoon.
650 #0 - SUBJECT ADDED ENTRY--TOPICAL TERM
Topical term or geographic name entry element Persian Gulf War, 1991
Form subdivision Personal narratives, American.
653 ## - INDEX TERM--UNCONTROLLED
Uncontrolled term პირადი მონათხრობი
856 42 - ELECTRONIC LOCATION AND ACCESS
Materials specified Contributor biographical information
Uniform Resource Identifier <a href="http://www.loc.gov/catdir/bios/simon053/2002030866.html">http://www.loc.gov/catdir/bios/simon053/2002030866.html</a>
856 42 - ELECTRONIC LOCATION AND ACCESS
Materials specified Publisher description
Uniform Resource Identifier <a href="http://www.loc.gov/catdir/description/simon034/2002030866.html">http://www.loc.gov/catdir/description/simon034/2002030866.html</a>
856 41 - ELECTRONIC LOCATION AND ACCESS
Materials specified Sample text
Uniform Resource Identifier <a href="http://www.loc.gov/catdir/enhancements/fy0640/2002030866-s.html">http://www.loc.gov/catdir/enhancements/fy0640/2002030866-s.html</a>
906 ## - LOCAL DATA ELEMENT F, LDF (RLIN)
a 7
b cbc
c orignew
d 1
e ocip
f 20
g y-gencatlg
942 ## - ADDED ENTRY ELEMENTS (KOHA)
Source of classification or shelving scheme
Koha item type Books
Holdings
Withdrawn status Lost status Source of classification or shelving scheme Damaged status Not for loan Permanent location Current location Date acquired Inventory number Full call number Barcode Date last seen Price effective from Koha item type Total Checkouts
          Ken Walker International University Ken Walker International University 11/11/2020 341 94 S-97 341 11/11/2020 11/11/2020 Books  
          Ken Walker International University Ken Walker International University 02/04/2021 410 94 S-97 410 02/04/2021 02/04/2021 Books  

Powered by Koha